| 000 | 00666nam a22002057a 4500 | ||
|---|---|---|---|
| 999 |
_c16252 _d16252 |
||
| 003 | AR-CdUCM | ||
| 008 | 190502b ||||| |||| 00| 0 eng d | ||
| 040 |
_aMUNICIPALIDAD PROVINCIAL DEL CUSCO _cBIBLIOTECA MUNICIPAL DEL CUSCO |
||
| 082 |
_a869.56 / _bP44 |
||
| 100 |
_aPérez Ocampo, Gustavo _946938 |
||
| 245 | _aDistancia i soledad de Machupijchu / | ||
| 260 |
_aCusco : _bMunicipalidad del cusco, _c1991. |
||
| 300 |
_a55 paginas ; _bIlustraciones, graficos, dibujos, _c22 cm. |
||
| 650 |
_aMachupicchu _91751 |
||
| 650 |
_aPoesía _946854 |
||
| 650 |
_aNarrativa cusqueña _910453 |
||
| 650 |
_aCusco _9772 |
||
| 942 |
_2ddc _cLIBROS |
||
| 945 |
_apjha _d2019-05-02 |
||